| 000 | 00475nam a22001577a 4500 | ||
|---|---|---|---|
| 999 |
_c535838 _d535838 |
||
| 020 | _qHard Cover. | ||
| 082 | _a611 | ||
| 100 | _aKundi, Hina | ||
| 245 |
_aEffect of Sodium Cyclamate on Rat Pancreas / _cHina Kundi. |
||
| 260 |
_aIslamabad : _bAMC - NUST, _c2014. |
||
| 300 |
_axvii, 106 p. : ill. ; _c30cm. |
||
| 942 |
_2ddc _cTHE |
||
| 650 |
_aAnatomy M Phil.-Thesis. _924789 |
||
| 700 |
_aShadab Ahmed Butt. _924790 |
||